| 000 -LEADER |
| fixed length control field |
01865cam a2200361 a 4500 |
| 001 - CONTROL NUMBER |
| control field |
14111840 |
| 005 - DATE AND TIME OF LATEST TRANSACTION |
| control field |
20221101100521.0 |
| 008 - FIXED-LENGTH DATA ELEMENTS--GENERAL INFORMATION |
| fixed length control field |
050916s2005 enka b 001 0 eng d |
| 010 ## - LIBRARY OF CONGRESS CONTROL NUMBER |
| LC control number |
2005281930 |
| 015 ## - NATIONAL BIBLIOGRAPHY NUMBER |
| National bibliography number |
GBA502417 |
| Source |
bnb |
| 016 7# - NATIONAL BIBLIOGRAPHIC AGENCY CONTROL NUMBER |
| Record control number |
013079728 |
| Source |
Uk |
| 020 ## - INTERNATIONAL STANDARD BOOK NUMBER |
| International Standard Book Number |
0199247242 |
| 035 ## - SYSTEM CONTROL NUMBER |
| System control number |
(OCoLC)ocm60961060 |
| 040 ## - CATALOGING SOURCE |
| Original cataloging agency |
UKM |
| Transcribing agency |
UKM |
| Modifying agency |
BAKER |
| -- |
CVM |
| -- |
MBB |
| -- |
DLC |
| 042 ## - AUTHENTICATION CODE |
| Authentication code |
lccopycat |
| 050 00 - LIBRARY OF CONGRESS CALL NUMBER |
| Classification number |
HD5827.A6 |
| Item number |
R43 2005 |
| 082 04 - DEWEY DECIMAL CLASSIFICATION NUMBER |
| Classification number |
331.120952 |
| Author Mark |
REB |
| 100 1# - MAIN ENTRY--PERSONAL NAME |
| Personal name |
Rebick, Marcus |
| Fuller form of name |
(Marcus E.) |
| 9 (RLIN) |
102123 |
| 245 14 - TITLE STATEMENT |
| Title |
The Japanese employment system : |
| Remainder of title |
adapting to a new economic environment / |
| Statement of responsibility, etc. |
Marcus Rebick. |
| 260 ## - PUBLICATION, DISTRIBUTION, ETC. |
| Place of publication, distribution, etc. |
Oxford ; |
| -- |
New York : |
| Name of publisher, distributor, etc. |
Oxford University Press, |
| Date of publication, distribution, etc. |
2005. |
| 300 ## - PHYSICAL DESCRIPTION |
| Extent |
xvii, 196 p. : |
| Other physical details |
ill. ; |
| Dimensions |
24 cm. |
| 504 ## - BIBLIOGRAPHY, ETC. NOTE |
| Bibliography, etc. note |
Includes bibliographical references (p. [175]-184) and index. |
| 505 0# - FORMATTED CONTENTS NOTE |
| Formatted contents note |
Introduction -- The Japanese employment system -- Changes to the employment and treatment of regular employees -- The growth in non-standard employment relations -- Industrial relations -- Rising unemployment and inequality -- Women in the labour market -- Middle-aged and older workers -- The labour market for youth -- The declining labour force and immigration -- Conclusions and prospects. |
| 650 #0 - SUBJECT ADDED ENTRY--TOPICAL TERM |
| Topical term or geographic name entry element |
Manpower policy |
| Geographic subdivision |
Japan. |
| 9 (RLIN) |
102051 |
| 650 #0 - SUBJECT ADDED ENTRY--TOPICAL TERM |
| Topical term or geographic name entry element |
Manpower planning |
| Geographic subdivision |
Japan. |
| 9 (RLIN) |
102124 |
| 650 #0 - SUBJECT ADDED ENTRY--TOPICAL TERM |
| Topical term or geographic name entry element |
Labor market |
| Geographic subdivision |
Japan. |
| 9 (RLIN) |
102052 |
| 856 42 - ELECTRONIC LOCATION AND ACCESS |
| Materials specified |
Publisher description |
| Uniform Resource Identifier |
<a href="http://www.loc.gov/catdir/enhancements/fy0640/2005281930-d.html">http://www.loc.gov/catdir/enhancements/fy0640/2005281930-d.html</a> |
| 856 41 - ELECTRONIC LOCATION AND ACCESS |
| Materials specified |
Table of contents only |
| Uniform Resource Identifier |
<a href="http://www.loc.gov/catdir/enhancements/fy0640/2005281930-t.html">http://www.loc.gov/catdir/enhancements/fy0640/2005281930-t.html</a> |
| 856 42 - ELECTRONIC LOCATION AND ACCESS |
| Materials specified |
Contributor biographical information |
| Uniform Resource Identifier |
<a href="http://www.loc.gov/catdir/enhancements/fy0726/2005281930-b.html">http://www.loc.gov/catdir/enhancements/fy0726/2005281930-b.html</a> |
| 906 ## - LOCAL DATA ELEMENT F, LDF (RLIN) |
| a |
7 |
| b |
cbc |
| c |
copycat |
| d |
2 |
| e |
ncip |
| f |
20 |
| g |
y-gencatlg |
| 942 ## - ADDED ENTRY ELEMENTS (KOHA) |
| Source of classification or shelving scheme |
|
| Koha item type |
Book |